| 000 | 00449nam a2200169Ia 4500 | ||
|---|---|---|---|
| 008 | 230917s9999||||xx |||||||||||||| ||und|| | ||
| 020 | _cRS649 | ||
| 040 |
_e252598 _aMAIN |
||
| 041 | _aEnglish | ||
| 082 | _a006.4 G692P | ||
| 100 | _aGose, Earl | ||
| 245 | 0 | _aPattern recognition and image alalysis | |
| 260 |
_aNoida _bPearson longman _c2016 |
||
| 300 | _aix, 484 p. | ||
| 500 | _a3373 24/12/2018 PBA18/840 31/12/2018 Main Budget | ||
| 942 | _cBK | ||
| 999 |
_c29550 _d29550 |
||